[Event "Campeonato de Aragon por Equipos - Division de Honor"]
[Site ""]
[Date "2022.03.26"]
[Round "9.9"]
[White "Van Ojik, Mark"]
[Black "Lopez Gracia, Fernando"]
[Result "1/2-1/2"]
[WhiteElo "2274"]
[BlackElo "2281"]
[PlyCount "0"]
[WhiteTeam "ONCE C. A. Aragon"]
[BlackTeam "IberCaja"]
[EventDate "2022.01.29"]

1. e4 c5 2. Nf3 d6 3. c3 Nf6 4. h3 g6 5. Bd3 Bg7 6. O-O O-O 7. Re1 Nc6 8. Bf1
e5 9. d3 Re8 10. Bg5 h6 11. Bh4 g5 12. Bg3 Qb6 13. Na3 Be6 14. b3 Qa5 15. Qc1
Nh5 16. Bh2 Rac8 17. Nc4 Qd8 18. Ne3 Qf6 19. Nd2 Nf4 20. Qd1 Qg6 21. g3 Nh5 22.
Be2 Nf6 23. Bg4 h5 24. Bf5 Qh6 25. g4 Ne7 26. Ndc4 Rcd8 27. Qf3 Ng6 28. Bxg6
fxg6 29. Qg2 Nh7 30. Nd2 Nf8 31. Nd5 Bc8 32. f3 Ne6 33. Rac1 Kf7 34. Bg3 Rh8
35. a4 hxg4 36. hxg4 Nf4 37. Nxf4 gxf4 38. Bf2 Bf6 39. Kf1 Bh4 40. Ke2 Bxf2 41.
Qxf2 Qh2 42. Rg1 Qxf2+ 43. Kxf2 Be6 44. Rh1 Rc8 45. Ke2 Kg7 46. Rcg1 Rxh1 47.
Rxh1 Rh8 48. Rxh8 Kxh8 49. d4 cxd4 50. cxd4 exd4 51. Kd3 Kg7 52. g5 Kf7 53.
Kxd4 Bh3 54. Kd5 Ke7 55. e5 Be6+ 56. Ke4 Bf5+ 57. Kxf4 Ke6 58. exd6 Kxd6 59.
Nc4+ Kc5 60. Ne3 Bb1 61. Ke5 Kb4 62. f4 Kxb3 63. a5 Ka4 64. f5 gxf5 65. Nd5
Kxa5 66. g6 f4 67. g7 Bh7 68. Nf6 1/2-1/2

[Event "Campeonato de Aragon por Equipos - Division de Honor"]
[Site ""]
[Date "2022.03.26"]
[Round "9.10"]
[White "Palacios Latasa, Elias"]
[Black "Gavin Roche, Enrique"]
[Result "1-0"]
[WhiteElo "2180"]
[BlackElo "2237"]
[PlyCount "0"]
[WhiteTeam "IberCaja"]
[BlackTeam "ONCE C. A. Aragon"]
[EventDate "2022.01.29"]

1. e4 e5 2. Nc3 Nf6 3. Bc4 d6 4. d3 Be7 5. f4 Nc6 6. Nf3 Bg4 7. h3 Bxf3 8. Qxf3
Nd4 9. Qd1 c6 10. fxe5 dxe5 11. O-O b5 12. Bb3 a5 13. a4 b4 14. Ne2 Nxb3 15.
cxb3 O-O 16. Be3 Qd7 17. Qc2 Rfd8 18. Rad1 Qe6 19. Ng3 Rd7 20. Nf5 Bd8 21. Rf3
Ra6 22. Rdf1 Bb6 23. Bxb6 Rxb6 24. Nxg7 Kxg7 25. Rxf6 Qe8 26. Qd2 Rbb7 27. R1f3
Kh8 28. Qg5 Re7 29. Rg3 Qf8 30. Rxc6 1-0

[Event "Campeonato de Aragon por Equipos - Division de Honor"]
[Site ""]
[Date "2022.03.26"]
[Round "9.11"]
[White "Laliena Solanes, Luis"]
[Black "Villalba Embid, Marcos"]
[Result "1/2-1/2"]
[WhiteElo "2200"]
[BlackElo "2058"]
[PlyCount "0"]
[WhiteTeam "ONCE C. A. Aragon"]
[BlackTeam "IberCaja"]
[EventDate "2022.01.29"]

1. e4 c5 2. Nc3 a6 3. Nge2 d6 4. d4 cxd4 5. Qxd4 Nc6 6. Qd2 Nf6 7. b3 e6 8. Bb2
b5 9. f3 Be7 10. Nf4 O-O 11. O-O-O Ne5 12. Nd3 Nxd3+ 13. Bxd3 Bd7 14. g4 Bc6
15. Ne2 e5 16. h4 a5 17. g5 Nh5 18. f4 a4 19. b4 a3 20. Ba1 Ra4 21. Qc3 Qb6 22.
Qd2 Rd8 23. Nc3 Qd4 24. Bxb5 Qxd2+ 25. Rxd2 Bxb5 26. Nxa4 Bxa4 27. fxe5 Ng3 28.
Re1 Bc6 29. exd6 Rxd6 30. Rxd6 Bxd6 31. Rd1 Nxe4 32. b5 Bxb5 33. Be5 Be7 34.
Rd4 f5 35. gxf6 Nxf6 36. Bd6 Bxd6 37. Rxd6 Bc4 38. Rd8+ Kf7 39. Kb1 Ne4 40. Rd4
Nc3+ 41. Ka1 Be6 42. Rd3 Nxa2 43. Rxa3 Nb4 44. Kb2 Nc6 45. Rd3 Ne5 46. Rd4 g6
47. Ka3 h6 48. Rf4+ Ke7 49. Re4 Nc4+ 50. Kb4 Nd6 51. Rd4 g5 52. hxg5 hxg5 53.
Kc5 Nf5 54. Re4 Nd6 55. Rd4 Nf5 56. Re4 Nd6 57. Rd4 Nf5 1/2-1/2

[Event "Campeonato de Aragon por Equipos - Division de Honor"]
[Site ""]
[Date "2022.03.26"]
[Round "9.12"]
[White "Torcal Miguel, Oscar"]
[Black "Cobo Garrido, Diego Israel"]
[Result "1-0"]
[WhiteElo "2037"]
[BlackElo "2076"]
[PlyCount "0"]
[WhiteTeam "IberCaja"]
[BlackTeam "ONCE C. A. Aragon"]
[EventDate "2022.01.29"]


1. e4 c5 2. Nf3 e6 3. d3 Nc6 4. g3 Nf6 5. Bg2 d5 6. Qe2 Be7 7. O-O O-O 8. e5
Nd7 9. c4 dxc4 10. dxc4 Nd4 11. Nxd4 cxd4 12. Rd1 Qc7 13. Re1 Rd8 14. h4 d3 15.
Qe4 Nc5 16. Qg4 d2 17. Bxd2 Nd3 18. Bh6 Bf8 19. Nc3 Nxe1 20. Rxe1 Kh8 21. Bg5
Be7 22. Nb5 Qd7 23. Nd6 Bxd6 24. Bxd8 Bxe5 25. Rd1 Qe8 26. Qe2 Bf6 27. Bxf6
gxf6 28. Qd2 e5 29. Qd8 Qxd8 30. Rxd8+ Kg7 31. Bh3 1-0

[Event "Campeonato de Aragon por Equipos - Division de Honor"]
[Site ""]
[Date "2022.03.26"]
[Round "9.13"]
[White "Cifuentes Parada, Roberto"]
[Black "Del Rey, Diego"]
[Result "1/2-1/2"]
[WhiteElo "2427"]
[BlackElo "2370"]
[PlyCount "0"]
[WhiteTeam "Jaque - Pirenauto"]
[BlackTeam "El Olivar"]
[EventDate "2022.01.29"]

1. d4 e6 2. Nf3 f5 3. g3 Nf6 4. Bg2 d5 5. O-O Bd6 6. c4 c6 7. b3 Qe7 8. Ne5 O-O
9. Qc2 Nbd7 10. Bb2 Ne4 11. e3 a5 12. f3 Nef6 13. Nd2 Ba3 14. Nd3 Bxb2 15. Qxb2
b5 16. cxb5 cxb5 17. Rfc1 Ba6 18. Rc6 b4 19. Nf4 Rfe8 20. Rxe6 Qf7 21. Rxe8+
Qxe8 22. Re1 g5 23. Nh3 Qg6 24. Nf2 Re8 25. Qb1 Kg7 26. Bh3 f4 27. Bf5 Qf7 28.
e4 fxg3 29. hxg3 Nb6 30. e5 Nh5 31. Kg2 Bc8 32. Bxc8 Rxc8 33. Ng4 Qg6 34. Ne3
Qxb1 35. Rxb1 Kg6 36. Rb2 Rc3 37. Ndf1 Ng7 38. Rc2 Rxc2+ 39. Nxc2 Ne6 40. Kf2
h5 41. Nfe3 h4 42. Ng4 Nc8 43. Nf6 Ne7 44. Ne3 hxg3+ 45. Kxg3 Nxd4 46. Kg4 Nec6
47. Nd7 Ne7 48. f4 gxf4 49. Ng2 f3 50. Nf4+ Kf7 51. Nd3 f2 52. Nxf2 Ke6 53.
Nc5+ Kxe5 54. Nfd3+ Kf6 55. Kf4 Ng6+ 56. Ke3 {ilegible} 1/2-1/2

[Event "Campeonato de Aragon por Equipos - Division de Honor"]
[Site ""]
[Date "2022.03.26"]
[Round "9.15"]
[White "Ereza Vizcarra, Fernando"]
[Black "Galstyan, David"]
[Result "1-0"]
[WhiteElo "2117"]
[BlackElo "1859"]
[PlyCount "0"]
[WhiteTeam "Jaque - Pirenauto"]
[BlackTeam "El Olivar"]
[EventDate "2022.01.29"]

1. d4 e6 2. Nf3 Nf6 3. g3 b5 4. Bg2 d5 5. O-O Be7 6. a4 b4 7. c4 bxc3 8. bxc3
O-O 9. c4 c6 10. Nbd2 Nbd7 11. Qc2 Ba6 12. Re1 Rc8 13. c5 Re8 14. e4 dxe4 15.
Nxe4 Nxe4 16. Qxe4 Bc4 17. Rb1 Qa5 18. Qc2 Qa6 19. Rb4 Bd3 20. Qc3 Rb8 21. Bf4
Rxb4 22. Qxb4 h6 23. h4 Bd8 24. Bf1 Bxf1 25. Rxf1 Nf6 26. Qb3 Nd5 27. Bd6 Be7
28. Bxe7 Rxe7 29. Rb1 Qa5 30. Ne5 Rc7 31. Qf3 Qc3 32. Rb8+ Kh7 33. Qxc3 Nxc3
34. Kf1 Nxa4 35. Rb3 f6 36. Nc4 Rd7 37. Ra3 Nb6 38. cxb6 axb6 39. Nxb6 Rxd4 40.
Rc3 Kg6 41. Rxc6 Kf5 42. Nc4 e5 43. Ne3+ Kg6 44. Rc7 Ra4 45. h5+ Kxh5 46. Rxg7
Re4 47. Kg2 1-0

[Event "Campeonato de Aragon por Equipos - Division de Honor"]
[Site ""]
[Date "2022.03.26"]
[Round "9.16"]
[White "Munoz Valles, Jorge"]
[Black "Torrente Gayarre, Lorenzo"]
[Result "1-0"]
[WhiteElo "1851"]
[BlackElo "1624"]
[PlyCount "0"]
[WhiteTeam "El Olivar"]
[BlackTeam "Jaque - Pirenauto"]
[EventDate "2022.01.29"]

1. d4 d5 2. c4 c6 3. Nf3 Nf6 4. Nc3 e6 5. Bg5 h6 6. Bxf6 Qxf6 7. e3 Bd6 8. Qc2
Nd7 9. Bd3 dxc4 10. Bxc4 b5 11. Bd3 Bb7 12. O-O a6 13. Ne4 Qe7 14. Nfd2 c5 15.
Nxd6+ Qxd6 16. Be4 Bd5 17. dxc5 Nxc5 18. Bxd5 Qxd5 19. e4 Qd6 20. e5 Qxe5 21.
Rac1 Nd7 22. Nf3 Qf5 23. Qc6 Qd5 24. Qc7 Nf6 25. Rfd1 Qf5 26. Qc6+ Ke7 27. Qb7+
Nd7 28. Rxd7+ Kf6 29. Rxf7+ Kg6 30. Rxg7+ Kh5 31. Rc5 1-0

[Event "Campeonato de Aragon por Equipos - Division de Honor"]
[Site ""]
[Date "2022.03.26"]
[Round "9.17"]
[White "Luis Vitalla, Fernando"]
[Black "Hinojar Basa, Alfonso"]
[Result "1/2-1/2"]
[WhiteElo "2096"]
[BlackElo "2125"]
[PlyCount "0"]
[WhiteTeam "Atletismo Huesca"]
[BlackTeam "Marcos Frechin"]
[EventDate "2022.01.29"]

1. d4 e6 2. Nf3 Nf6 3. Bg5 d5 4. e3 c5 5. c3 Nbd7 6. Nbd2 Bd6 7. Bd3 O-O 8. O-O
Qc7 9. e4 cxd4 10. cxd4 dxe4 11. Nxe4 Nxe4 12. Bxe4 Bf4 13. Qe2 Bxg5 14. Nxg5
Nf6 15. Bf3 Qb6 16. Rfd1 Bd7 17. Ne4 1/2-1/2

[Event "Campeonato de Aragon por Equipos - Division de Honor"]
[Site ""]
[Date "2022.03.26"]
[Round "9.18"]
[White "Portero Garnica, Miguel Angel"]
[Black "Gella Bitrian, Diego"]
[Result "1-0"]
[WhiteElo "2088"]
[BlackElo "2037"]
[PlyCount "0"]
[WhiteTeam "Marcos Frechin"]
[BlackTeam "Atletismo Huesca"]
[EventDate "2022.01.29"]

1. e4 c5 2. Nf3 d6 3. d4 Nf6 4. Nc3 cxd4 5. Nxd4 a6 6. Be2 e5 7. Nb3 Be7 8. O-O
O-O 9. Be3 Be6 10. f4 exf4 11. Bxf4 Nc6 12. Bf3 Ne5 13. Nd5 Bxd5 14. exd5 Nfd7
15. Be4 f5 16. Bd3 g6 17. Kh1 Qb6 18. Qe2 Bf6 19. Be3 Qb4 20. c3 Qg4 21. h3
Qxe2 22. Bxe2 Rfe8 23. Bd4 Rac8 24. Nd2 Nf7 25. Bd3 Bxd4 26. cxd4 Nb6 27. g4
Re3 28. Rf3 Rxf3 29. Nxf3 fxg4 30. hxg4 Nxd5 31. Be4 Nb4 32. Bxb7 Rc7 33. a3
Rxb7 34. axb4 Rxb4 35. Rxa6 Rxb2 36. Kg1 g5 37. Ra7 h6 38. Rd7 Kg7 39. Kf1 Kf6
40. Ra7 Rb8 41. Kf2 Rh8 42. Nd2 d5 43. Ra6+ Ke7 44. Ra7+ Ke6 45. Ra6+ Nd6 46.
Nf3 Ke7 47. Ne5 Rb8 48. Nc6+ 1-0

[Event "Campeonato de Aragon por Equipos - Division de Honor"]
[Site ""]
[Date "2022.03.26"]
[Round "9.19"]
[White "Bellosta Lopez, Pablo"]
[Black "Miranda Herrera, Jorge Manuel"]
[Result "1-0"]
[WhiteElo "1980"]
[BlackElo "2051"]
[PlyCount "0"]
[WhiteTeam "Atletismo Huesca"]
[BlackTeam "Marcos Frechin"]
[EventDate "2022.01.29"]

1. e4 d6 2. d4 Nf6 3. Nc3 e5 4. Nge2 Be7 5. f3 O-O 6. Be3 c6 7. Qd2 b5 8. O-O-O
a5 9. g4 a4 10. dxe5 dxe5 11. Qxd8 Rxd8 12. Rxd8+ Bxd8 13. a3 Be6 14. g5 Nh5
15. Ng3 Nf4 16. h4 Ba5 17. Bxf4 exf4 18. Nh5 Bb6 19. Nd1 Bc7 20. Nf2 Nd7 21.
Nd3 Ne5 22. Nhxf4 Nxf3 23. Nxe6 fxe6 24. Bh3 Re8 25. Rf1 Nxh4 26. Nc5 Ng6 27.
Bxe6+ Kh8 28. Bd7 Re5 29. Ne6 Bb6 30. Nf8 Be3+ 31. Kb1 Ne7 32. Ne6 Ng6 33. Nd8
Re7 34. Bxc6 Bxg5 35. Nf7+ Rxf7 36. Rxf7 h5 37. Rf5 1-0

[Event "Campeonato de Aragon por Equipos - Division de Honor"]
[Site ""]
[Date "2022.03.26"]
[Round "9.20"]
[White "Moya Gimeno, Raul"]
[Black "Laplaza Ara, Carlos"]
[Result "1-0"]
[WhiteElo "1877"]
[BlackElo "1932"]
[PlyCount "0"]
[WhiteTeam "Marcos Frechin"]
[BlackTeam "Atletismo Huesca"]
[EventDate "2022.01.29"]

1. e4 c6 2. Nc3 d5 3. Nf3 dxe4 4. Nxe4 Bf5 5. Ng3 Bg6 6. h4 h6 7. Ne5 Bh7 8.
Qh5 g6 9. Bc4 e6 10. Qe2 Qe7 11. d4 Nf6 12. Bf4 Nbd7 13. O-O-O Nd5 14. Bxd5
exd5 15. Rhe1 Nxe5 16. Bxe5 Rg8 17. Qf3 O-O-O 18. Bf6 Qd7 19. Bxd8 Kxd8 20. Kb1
Bd6 21. Qf6+ Kc7 22. Re3 Re8 23. Rde1 Rxe3 24. Rxe3 g5 25. hxg5 Qg4 26. Rf3
Bxg3 27. Qe7+ Kc8 28. Qf8+ Kc7 29. Rxf7+ Kb6 30. Qb4+ 1-0

[Event "Campeonato de Aragon por Equipos - Division de Honor"]
[Site ""]
[Date "2022.03.26"]
[Round "9.25"]
[White "Remiro Juste, Fernando Jose"]
[Black "Cid Royo, Jonathan"]
[Result "1-0"]
[WhiteElo "2209"]
[BlackElo "2169"]
[PlyCount "0"]
[WhiteTeam "Agrupacion"]
[BlackTeam "L'Aurora Estadilla"]
[EventDate "2022.01.29"]

1. d4 d5 2. c4 e6 3. Nc3 Nf6 4. cxd5 exd5 5. Bg5 c6 6. e3 Be7 7. Qc2 O-O 8. Bd3
h6 9. Bh4 Re8 10. f3 c5 11. Nge2 Nc6 12. a3 cxd4 13. exd4 Ng4 14. Bxe7 Qxe7 15.
fxg4 Nxd4 16. Qa4 Qe3 17. Nxd5 Qe5 18. O-O Nxe2+ 19. Bxe2 Qxe2 20. Nc7 Qe3+ 21.
Kh1 Re4 22. Qa5 Re5 23. Rae1 Rxa5 24. Rxe3 Rb8 25. Re8+ Kh7 26. Rxf7 Rc5 27. h3
b5 28. Ree7 Rg5 29. Ne8 1-0

[Event "Campeonato de Aragon por Equipos - Division de Honor"]
[Site ""]
[Date "2022.03.26"]
[Round "9.26"]
[White "Pellicer Cerezuela, Miguel"]
[Black "Ramon Perez, Jose Luis"]
[Result "1-0"]
[WhiteElo "2006"]
[BlackElo "2161"]
[PlyCount "0"]
[WhiteTeam "L'Aurora Estadilla"]
[BlackTeam "Agrupacion"]
[EventDate "2022.01.29"]

1. d4 Nf6 2. c4 g6 3. Nc3 Bg7 4. e4 d6 5. f4 O-O 6. Nf3 Na6 7. Be2 Bg4 8. O-O
Nd7 9. h3 Bxf3 10. Bxf3 c6 11. Be3 e5 12. dxe5 dxe5 13. f5 Qe7 14. g4 Rfd8 15.
Qe2 Bf6 16. a3 Bg5 17. b4 Nb6 18. Bxg5 Qxg5 19. Rad1 Rd4 20. c5 Nc4 21. Rxd4
exd4 22. Qxc4 Qe3+ 23. Kg2 dxc3 24. Rd1 c2 25. Rd7 Rf8 26. Qxc2 Qxa3 27. Rxb7
Nxb4 28. Qd2 Nd3 29. f6 Kh8 30. Be2 Nxc5 31. Qd6 Rg8 32. Rb8 h6 33. Rxg8+ Kxg8
34. Qd8+ Kh7 35. Qf8 1-0

[Event "Campeonato de Aragon por Equipos - Division de Honor"]
[Site ""]
[Date "2022.03.26"]
[Round "9.27"]
[White "Barros Gutierrez, Angel Luis"]
[Black "Felez Casedas, Carlos"]
[Result "1/2-1/2"]
[WhiteElo "2043"]
[BlackElo "1947"]
[PlyCount "0"]
[WhiteTeam "Agrupacion"]
[BlackTeam "L'Aurora Estadilla"]
[EventDate "2022.01.29"]

1. d4 d5 2. c4 e6 3. Nc3 Be7 4. Nf3 Nf6 5. Bg5 O-O 6. e3 h6 7. Bh4 Ne4 8. Bxe7
Qxe7 9. Bd3 Nxc3 10. bxc3 dxc4 11. Bxc4 c5 12. O-O b6 13. e4 Nc6 14. Qe2 Bb7
15. Rad1 cxd4 16. cxd4 Rfd8 17. Rfe1 Rac8 18. h3 Qb4 19. d5 Na5 20. Bd3 exd5
21. e5 Re8 22. Bf5 Rc7 23. e6 Rce7 24. Ne5 Rxe6 25. Bxe6 Rxe6 26. Qh5 Re7 27.
Nf3 Nc4 28. Rxe7 Qxe7 29. Re1 Qf6 30. Nd4 Nd6 31. Qd1 Ne4 32. f3 Nc5 33. Re2
Kh7 34. Nb3 Ne6 35. Qc2+ g6 36. Qb2 Qg5 37. Kh1 Qf4 38. Qd2 Qg3 39. Qe1 Qf4 40.
Rxe6 fxe6 41. Qxe6 Kg7 42. Qe7+ Qf7 43. Qe5+ Qf6 44. Qb8 Qe7 45. Qxa7 Qe1+ 46.
Kh2 1/2-1/2

[Event "Campeonato de Aragon por Equipos - Division de Honor"]
[Site ""]
[Date "2022.03.26"]
[Round "9.28"]
[White "Pellicer Cemeli, Jose Luis"]
[Black "Conon, Catalin"]
[Result "1-0"]
[WhiteElo "1963"]
[BlackElo "1887"]
[PlyCount "0"]
[WhiteTeam "L'Aurora Estadilla"]
[BlackTeam "Agrupacion"]
[EventDate "2022.01.29"]

1. d4 e6 2. c4 d5 3. Nc3 a6 4. cxd5 exd5 5. Bf4 Nf6 6. Nf3 Be7 7. e3 O-O 8. h3
c6 9. Bd3 Be6 10. O-O Re8 11. Qc2 Nbd7 12. Ng5 Nf8 13. Be5 h6 14. Nf3 Rc8 15.
Qb3 b5 16. Rac1 N8d7 17. Bb1 c5 18. Ne2 Ne4 19. Bh2 Nb6 20. dxc5 Nxc5 21. Qd1
Bf6 22. Ned4 Nc4 23. b3 Nd6 24. Nxe6 fxe6 25. Ne5 Nce4 26. Qd3 Rxc1 27. Rxc1
Bxe5 28. Bxe5 Nf5 29. f3 Ng5 30. Bf4 g6 31. Rc7 e5 32. Rc6 Kg7 33. Rxg6+ Kxg6
34. Qxf5+ Kg7 35. Bxe5+ Rxe5 36. Qxe5+ Qf6 37. Qxf6+ Kxf6 38. Bd3 Ne6 39. Kf2
Nc5 40. Be2 h5 41. h4 Ne6 42. g4 Ng7 43. g5+ Ke6 1-0

[Event "Campeonato de Aragon por Equipos - Division de Honor"]
[Site ""]
[Date "2022.03.26"]
[Round "9.29"]
[White "Llanes Luno, Ricardo"]
[Black "Juberias Segura, Santiago"]
[Result "1/2-1/2"]
[WhiteElo "2203"]
[BlackElo "2026"]
[PlyCount "0"]
[WhiteTeam "Delicias"]
[BlackTeam "Utebo San Lamberto"]
[EventDate "2022.01.29"]

1. e4 c5 2. Nf3 d6 3. d4 cxd4 4. Qxd4 Nc6 5. Bb5 Bd7 6. Bxc6 Bxc6 7. Nc3 Nf6 8.
Bg5 Nd7 9. O-O-O Qb6 10. Rhe1 Qxd4 11. Nxd4 Rc8 12. f4 h6 13. Bh4 g5 14. Bg3
gxf4 15. Bxf4 e5 16. Nxc6 bxc6 17. Be3 Rc7 18. Rf1 Rg8 19. g3 Rg6 20. Rf5 Rf6
21. Rdf1 Ke7 22. g4 Rxf5 23. Rxf5 Nf6 24. h3 Ke6 25. Bf2 Bg7 26. Bh4 Rb7 27. a3
Rd7 28. Rf3 Nh7 29. Bf2 Nf6 30. Bh4 Nh7 31. Bf2 1/2-1/2

[Event "Campeonato de Aragon por Equipos - Division de Honor"]
[Site ""]
[Date "2022.03.26"]
[Round "9.30"]
[White "Orti Stock, Carlos"]
[Black "Llanes Luno, Pedro Alfredo"]
[Result "1/2-1/2"]
[WhiteElo "1803"]
[BlackElo "2041"]
[PlyCount "0"]
[WhiteTeam "Utebo San Lamberto"]
[BlackTeam "Delicias"]
[EventDate "2022.01.29"]

1. b3 c5 2. Bb2 Nc6 3. e3 d5 4. Bb5 Qb6 5. Qe2 a6 6. Bxc6+ Qxc6 7. f4 Nf6 8.
Nf3 e6 9. d3 Be7 10. Nbd2 b5 11. Ne5 Qb6 12. O-O O-O 13. a4 bxa4 14. Rxa4 Nd7
15. Qg4 f6 16. Nef3 Nb8 17. h4 Bd7 18. Raa1 a5 19. h5 h6 20. Nh4 Rf7 21. Rf3 f5
22. Qg3 Qd8 23. Ng6 Bf6 24. Ne5 Bxe5 25. Bxe5 Nc6 26. Qg6 Nxe5 27. fxe5 Qc7 28.
Qg3 Be8 29. Qf4 Qe7 30. Rg3 Kh7 31. c4 Rf8 32. cxd5 exd5 1/2-1/2

[Event "Campeonato de Aragon por Equipos - Division de Honor"]
[Site ""]
[Date "2022.03.26"]
[Round "9.31"]
[White "Roche Simon, Manuel Angel"]
[Black "Arias Alvarez, Alberto"]
[Result "1-0"]
[WhiteElo "2027"]
[BlackElo "1699"]
[PlyCount "0"]
[WhiteTeam "Delicias"]
[BlackTeam "Utebo San Lamberto"]
[EventDate "2022.01.29"]

1. e4 c6 2. d4 d5 3. Nd2 dxe4 4. Nxe4 Bf5 5. Ng3 Bg6 6. Nf3 Nd7 7. h4 h6 8. h5
Bh7 9. Bd3 Bxd3 10. Qxd3 e6 11. Bd2 Ngf6 12. Qe2 Be7 13. O-O-O Qc7 14. Ne5 Nxe5
15. dxe5 Nd7 16. f4 O-O-O 17. Be3 Nb6 18. c4 Rxd1+ 19. Rxd1 Rd8 20. Ne4 Rxd1+
21. Kxd1 Kd8 22. Kc2 Ke8 23. b3 c5 24. Qd3 Nc8 25. Bd2 b6 26. Bc3 a6 27. g4 Qc6
28. a4 Qd7 29. g5 Qxd3+ 30. Kxd3 Na7 31. a5 b5 32. cxb5 axb5 33. Nd6+ Kf8 34.
gxh6 gxh6 35. a6 f5 36. Ba5 Nc6 37. Nxb5 1-0

[Event "Campeonato de Aragon por Equipos - Division de Honor"]
[Site ""]
[Date "2022.03.26"]
[Round "9.32"]
[White "Olivan Blasco, Leonardo"]
[Black "Fabre Perez, Jose Maria"]
[Result "0-1"]
[WhiteElo "1400"]
[BlackElo "2009"]
[PlyCount "0"]
[WhiteTeam "Utebo San Lamberto"]
[BlackTeam "Delicias"]
[EventDate "2022.01.29"]

1. e4 c5 2. Nf3 Nc6 3. d4 cxd4 4. Nxd4 g6 5. Be3 Nf6 6. Nc3 Bg7 7. Qd2 Ng4 8.
Nxc6 bxc6 9. Bc4 Nxe3 10. Qxe3 Qb6 11. Qf3 O-O 12. Bb3 a5 13. Na4 Qb5 14. c4
Qb4+ 15. Nc3 a4 16. O-O axb3 17. a3 Qxc4 18. Rac1 Qe6 19. Rfe1 Bb7 20. Qg3 Be5
21. f4 Bd4+ 22. Kh1 c5 23. e5 Bc6 24. h4 h5 25. Rf1 Qg4 26. Qh2 f6 27. Nd1 fxe5
28. f5 Rxf5 29. Rxf5 Qxf5 30. Qg3 Qf1+ 31. Kh2 Bg1+ 0-1

[Event "Cto de Aragon por Equipos – Preferente Grupo I"]
[Site ""]
[Date "2022.03.05"]
[Round "6.33"]
[White "Garcia Monterde, Francisco Jose"]
[Black "Carruez Gracia, Eduardo"]
[Result "0-1"]
[WhiteElo "1801"]
[BlackElo "1934"]
[PlyCount "0"]
[WhiteTeam "IberCaja B"]
[BlackTeam "Agrupacion B"]
[EventDate "2022.01.29"]

1. Nf3 f5 2. g3 Nf6 3. Bg2 e6 4. c4 Be7 5. 0-0 0-0 6. d4 d6 7. b3 Nc6 8. Bb2 Qe8 
9. d5 Nb8 10. dxe6 Bxe6 11. Nd4 Bc8 12. Nd2 Qh5 13. e4 f4 14. Qxh5 Nxh5 15. Nb5 
Na6 16. e5 dxe5 17. Bxe5 c6 18. Nd6 Nc5 19. Nxc8 Raxc8 20. g4 Nd3 21. Bc3 Bf6 22. 
Bxf6 Nxf6 23. g5 Nd7 24. Nf3 N7e5 25. Nxe5 Nxe5 26. Be4 h6 27. gxh6 g6 28. f3 Kh7 
29. Rad1 Rcd8 30. Kf2 Kxh6 31. Bc2 Kg5 32. Rfe1 Kf6 33. Re4 Rxd1 34. Bxd1 Ke6 35. 
Rd4 b5 36. c5 g5 37. h3 a5 38. Bc2 Nf7 39. Be4 Rd8 40. Rxd8 Nxd8 41. a3 Ke5 42. 
b4 axb4 43. axb4 Kd4 44. h4 gxh4 45. Kg2 Kc4 46. Kh3 Kxb4 47. Kxh4 Kxc5 48. Kg5 
Ne6+ 49. Kf6 Kd6 50. Bf5 Nd4 51. Be4 c5  0-1

[Event "Cto de Aragon por Equipos – Preferente Grupo I"]
[Site ""]
[Date "2022.03.05"]
[Round "6.36"]
[White "Chueca Lorente, Javier"]
[Black "Garcia Fernandez, Javier"]
[Result "1-0"]
[WhiteElo "2119"]
[BlackElo "2164"]
[PlyCount "0"]
[WhiteTeam "MyInvestor Casablanca B"]
[BlackTeam "Teruel"]
[EventDate "2022.01.29"]


1. c4 e5 2. g3 Nf6 3. Bg2 d5 4. cxd5 Nxd5 5. Nc3 Nb6 6. Nf3 Nc6 7. O-O Be7 8.
a4 a5 9. d3 O-O 10. b3 Be6 11. Bb2 f6 12. Rc1 Qc8 13. Nb5 Rd8 14. Qc2 Nd5 15.
Qb1 Ndb4 16. d4 Bxb3 17. dxe5 Bxa4 18. exf6 Bxb5 19. Ng5 Bd3 20. exd3 Bxf6 21.
Bxf6 gxf6 22. Qb3+ Kh8 23. Nf7+ Kg7 24. Nxd8 Qxd8 25. Qe6 Qc8 26. Qe2 Qd7 27.
Rc4 Ne5 28. Rh4 Ng6 29. Re4 Rd8 30. d4 Nd5 31. h4 Nc3 32. Qc2 Nxe4 33. Bxe4 c6
34. h5 Ne7 35. Re1 f5 36. Bd3 Rf8 37. Qc3 Nd5 38. Qxa5 f4 39. Qd2 Qg4 40. Re5
h6 41. Be2 f3 42. Bf1 Rf5 43. Re8 Qxh5 44. Rb8 Rf7 45. Qa5 Qg5 46. Qa8 Nf6 47.
Rxb7 Qd5 48. Rxf7+ Kxf7 49. Qb7+ Qd7 50. Qb3+ Kg7 51. Qxf3 Qxd4 52. Qxc6 Ng4
53. Qb7+ Kf6 54. Qf3+ Kg5 55. Bd3 Qe5 56. Qf7 Qf6 1-0

[Event "Cto de Aragon por Equipos – Preferente Grupo I"]
[Site ""]
[Date "2022.03.05"]
[Round "6.37"]
[White "Dominguez Bujeda, Jesus"]
[Black "Cebollada Pacheco, Jesus Raul"]
[Result "1/2-1/2"]
[WhiteElo "2083"]
[BlackElo "1935"]
[PlyCount "0"]
[WhiteTeam "Teruel"]
[BlackTeam "MyInvestor Casablanca B"]
[EventDate "2022.01.29"]

1. d4 Nf6 2. c4 g6 3. Nc3 Bg7 4. e4 d6 5. h3 O-O 6. Be3 c5 7. Nf3 cxd4 8. Nxd4
Nc6 9. Be2 Nxd4 10. Bxd4 Be6 11. O-O a6 12. Qd2 Rc8 13. b3 Bd7 14. Qe3 Bc6 15.
Rad1 Nd7 16. Bg4 Bxd4 17. Rxd4 Rc7 18. Bxd7 Rxd7 19. Rfd1 Qc7 20. e5 dxe5 21.
Rxd7 Bxd7 22. Nd5 Qd6 23. c5 Qe6 24. Nc7 Qc6 25. Qxe5 Be6 26. Nxe6 fxe6 27. b4
b6 28. h4 bxc5 29. bxc5 Rf6 30. h5 Qa4 31. Rd8+ Kg7 32. hxg6 Qxa2 33. Qd4 Qb1+
34. Qd1 Qf5 35. Qe2 Qxc5 36. gxh7 Kxh7 37. Rd1 a5 38. Qd2 Kg7 39. Ra1 Rf5
1/2-1/2

[Event "Cto de Aragon por Equipos – Preferente Grupo I"]
[Site ""]
[Date "2022.03.05"]
[Round "6.38"]
[White "Lazaro Abadias, Andres"]
[Black "Martin Catalan, Juan Vicente"]
[Result "0-1"]
[WhiteElo "1526"]
[BlackElo "2002"]
[PlyCount "0"]
[WhiteTeam "MyInvestor Casablanca B"]
[BlackTeam "Teruel"]
[EventDate "2022.01.29"]

1. c4 f5 2. d4 Nf6 3. Nc3 g6 4. g3 Bg7 5. Bg2 d6 6. e4 fxe4 7. Nxe4 O-O 8. Ne2
Nxe4 9. Bxe4 e5 10. Be3 Nc6 11. dxe5 Nxe5 12. f4 Nc6 13. Bxc6 bxc6 14. Bd4 Bg4
15. Bxg7 Re8 16. Qd4 Rxe2+ 17. Kf1 Qe7 18. Bf6 Bh3+ 19. Kg1 Rg2+ 20. Kf1 Qe2#
0-1

[Event "Cto de Aragon por Equipos – Preferente Grupo I"]
[Site ""]
[Date "2022.03.05"]
[Round "6.39"]
[White "Romo Blasco, Adrian"]
[Black "Martinez Ramis, Rafael"]
[Result "1-0"]
[WhiteElo "1950"]
[BlackElo "1362"]
[PlyCount "0"]
[WhiteTeam "Teruel"]
[BlackTeam "MyInvestor Casablanca B"]
[EventDate "2022.01.29"]

1. d4 Nf6 2. c4 e6 3. Nc3 Bb4 4. e3 Bxc3+ 5. bxc3 b6 6. Bd3 Bb7 7. f3 c5 8. Ne2
d6 9. O-O O-O 10. Ng3 Nc6 11. f4 Ne7 12. e4 Ng6 13. f5 exf5 14. exf5 Nh4 15. d5
h6 16. Nh5 b5 17. g3 bxc4 18. Bxc4 Ne4 19. Qg4 Ng5 20. gxh4 Qe7 21. hxg5 hxg5
22. Bxg5 Qe5 23. Rae1 Qxc3 24. Bf6 1-0